000 00767nam a2200265 4500
001 68170
010 _a978-972-21-1972-6
021 _aPT
_b269152/07
100 _a20240221d2008 m||y0pory5003 ba
101 0 _apor
102 _aPT
200 1 _aHinyambaan
_enovela burlesca
_fJoão Paulo Borges Coelho
210 9 _a[Alfragide]
_cCaminho
_d2008
215 _a103 p
225 2 _aOutras margens
675 _a821.134.3(679)-32"20"
_vBN
_zpor
700 _aCoelho
_bJoão Paulo Borges
_f1955-
_914534
801 0 _aPT
_bBN
_gRPC
090 _a68170
942 _cMON
_n0